MARC

LEADER 00000nam0a2200000 4500
001 307905
005 20231102002036.0
020 |a RU  |b 81-67770 
035 |a (RuTPU)RU\TPU\book\333213 
090 |a 307905 
100 |a 20151027d1981 km y0rusy5003 ca 
101 0 |a rus 
102 |a RU 
105 |a a z 101zy 
200 1 |a Повышение эффективности машинного моделирования  |e материалы семинара  |f Общество "Знание" РСФСР ; Московский Дом научно-технической пропаганды 
210 |a Москва  |c Изд-во МДНТП  |d 1981 
215 |a 144 с.  |c ил. 
320 |a Библиогр. в конце ст. 
606 1 |a Моделирование машинное  |x Эффективность  |x Повышение  |2 stltpush  |3 (RuTPU)RU\TPU\subj\44214  |9 63583 
610 1 |a семинары 
610 1 |a экономическая эффективность 
610 1 |a применение 
610 1 |a вычислительная техника 
610 1 |a программное обеспечение 
610 1 |a информационное обеспечение 
610 1 |a организационное обеспечение 
675 |a 681.332(063)  |z rus  |v 3 
712 0 2 |a Общество "Знание" РСФСР  |c (Москва)  |2 stltpush  |3 (RuTPU)RU\TPU\col\7484 
712 0 2 |a Московский Дом научно-технической пропаганды  |2 stltpush  |3 (RuTPU)RU\TPU\col\7885  |9 24405 
712 1 2 |a Повышение эффективности машинного моделирования  |c семинары  |e Москва  |f 1981  |4 570 
801 0 |a RU  |b RuMRKP  |c 19950704  |g psbo 
801 1 |a RU  |b 63413507  |c 20151027 
801 2 |a RU  |b 63413507  |c 20190717  |g RCR 
942 |c BK